00544nam a2200145Ia 4500008004100000020002200041040002900063050002700092100002800119245007900147260002900226942000700255952012100262999001500383221221s9999 xx 000 0 und d a978-0-07-352482-5 cChuka University Library aBSL HF 5691 bB54 2008 aBiehler, Timothy 92766 4aThe mathematics of money: math for business and personal finance decisions aMcGrawhillbBostonc2008 cBK 001040708LGLaCHKbCHKcBSLd2022-12-21l0oBSL HF 5691 .B54 2008p8487/2012r2022-12-21 00:00:00w2022-12-21yBK c3684d3684